| 000 | 00635nam a2200229Ia 4500 | ||
|---|---|---|---|
| 999 |
_c45342 _d45342 |
||
| 001 | 12166 | ||
| 003 | GE_BSU | ||
| 005 | 20221121113301.0 | ||
| 008 | 181216s2007||||enk|||||||||||||| ||eng|| | ||
| 020 | _a9780789034267x | ||
| 040 | _cGE_BSU | ||
| 041 | _aeng | ||
| 080 | _a339.138 N-97 | ||
| 100 |
_aNukiel, Ronald A. _915955 |
||
| 245 |
_aHandbook of Marketing Research Metodologies for Hospitality and Tourism / _cRonald A.Nukiel. |
||
| 264 |
_aNew York: _bRoutledge, _c2007. |
||
| 300 |
_a364 p.; _b23 cm. |
||
| 300 | _bill. | ||
| 653 | _aმარკეტინგი | ||
| 653 | _aტურიზმი | ||
| 942 |
_cBK _2udc |
||